| 000 | 00418nam a2200169Ia 4500 | ||
|---|---|---|---|
| 008 | 230524s9999 xx 000 0 und d | ||
| 020 | _a8174091718 | ||
| 082 |
_a621.3821 _bPRA |
||
| 100 | _aRajendra Prasad | ||
| 245 | 0 | _aElectronic Measurements and Instrumentation | |
| 250 | _a3RD | ||
| 260 |
_aNEW DELHI _bKhanna _c2003 |
||
| 300 | _a692 | ||
| 500 | _aQuantity Number: 4 | ||
| 650 | _aElectronics | ||
| 942 | _cBK | ||
| 999 |
_c9941 _d9941 |
||